Finančná kondícia a veľkosť obce ako dopad decentralizácie

Finančná kondícia a dopad decentralizácie. Udržateľnosť rozvoja a veľkosť obce v kapitálových príjmoch a výdavkoch. Hodnotenie finančnej kondície obce.

Enregistré dans:
Détails bibliographiques
Auteur principal: Žárska, Elena, 1955-
Format: Chapitre de livre
Langue:slovaque
Sujets:
Tags: Ajouter un tag
Pas de tags, Soyez le premier à ajouter un tag!

MARC

LEADER 00000naa a2200000 4500
001 0205934
005 20240502073428.6
041 0 |a slo 
044 |a SK 
245 1 0 |a Finančná kondícia a veľkosť obce ako dopad decentralizácie  |c Elena Žárska 
520 |a Finančná kondícia a dopad decentralizácie. Udržateľnosť rozvoja a veľkosť obce v kapitálových príjmoch a výdavkoch. Hodnotenie finančnej kondície obce. 
610 2 0 |a obce 
610 2 0 |a hospodárenie finančné 
610 2 0 |a decentralizácia 
610 2 0 |a správa verejná 
100 1 |a Žárska, Elena, 1955-